| 000 | 01173cam a22003495i 4500 | ||
|---|---|---|---|
| 999 |
_c28160 _d28131 |
||
| 001 | 018480060 | ||
| 003 | EG-ScBUE | ||
| 005 | 20200220132533.0 | ||
| 008 | 170822t20142014enka f bd 001 0 eng d | ||
| 020 | _a9781292039831 | ||
| 040 |
_aUk _beng _erda _cUk _dEG-ScBUE |
||
| 082 | 0 | 4 |
_a332.0151 _bGUT _222 |
| 100 | 1 |
_aGuthrie, Gary C., _eauthor _917849 |
|
| 245 | 1 | 0 |
_aMathematics of interest rates and finance / _cGary C. Guthrie, Larry D. Lemon. |
| 250 | _aFirst edition. | ||
| 250 | _aPearson new international edition. | ||
| 264 | 1 |
_aHarlow, England : _bPearson Education, _c[2014] |
|
| 264 | 4 | _cc2014 | |
| 300 |
_aii, 586 pages : _billustrations ; _c28 cm |
||
| 336 |
_atext _btxt _2rdacontent |
||
| 337 |
_aunmediated _bn _2rdamedia |
||
| 338 |
_avolume _bnc _2rdacarrier |
||
| 500 | _aIncludes glossary. | ||
| 504 | _aIncludes bibliographical references and index. | ||
| 650 | 7 |
_aInterest rates _xMathematical models. _2BUEsh |
|
| 650 | 7 |
_aFinance _xMathematical models. _2BUEsh |
|
| 650 | 7 |
_aInvestments _xMathematical models. _2BUEsh |
|
| 653 |
_bBUSADM _cFebruary2020 |
||
| 655 |
_vText book _933728 |
||
| 700 | 1 |
_aLemon, Larry D., _eauthor. |
|
| 942 |
_2ddc _cBB |
||